| 000 | 00989cam a2200265 4500 | ||
|---|---|---|---|
| 001 | 4572638 | ||
| 005 | 20180205074132.0 | ||
| 008 | 740223m19721981ie b 001 0 eng | ||
| 010 | _a 74156782 | ||
| 020 | _a0716520850 | ||
| 040 |
_aDLC _cDLC _dDLC |
||
| 041 | _aeng | ||
| 043 |
_an-us--- _ae-uk--- |
||
| 080 | _a973.27 | ||
| 082 | 0 | 0 | _a973.27 DAV |
| 100 | _a16 | ||
| 101 | _aHIS | ||
| 245 | 1 | 0 |
_aDocuments of the American Revolution, 1770-1783; _cEdited by K.G. Davies. |
| 246 | 1 |
_iVol. 16 has title: _aDocuments of the American Revolution, 1779-1780 |
|
| 246 | 1 |
_iVol. 16 has spine title: _aDocuments of the American Revolution, 1770-1783 |
|
| 504 | _aIncludes bibliographical references and indexes. | ||
| 906 |
_a7 _bcbc _corignew _d2 _encip _f19 _gy-gencatlg |
||
| 942 |
_2ddc _cBK |
||
| 999 |
_c41780 _d41780 |
||